Visualizzazione normale
Vista MARC
- Zawinul Josef
di Personal Name
Records bibliografici associati: 1
001 - CONTROL NUMBER
- control field: 28436
003 - CONTROL NUMBER IDENTIFIER
- control field: IT-RoPau
005 - DATE AND TIME OF LATEST TRANSACTION
- control field: 20140604120542.0
008 - FIXED-LENGTH DATA ELEMENTS
- fixed length control field: 140604|| aca||aabn | a|a d
040 ## - CATALOGING SOURCE
- Original cataloging agency: IT-RoPau
- Transcribing agency: IT-RoPau
100 ## - HEADING--PERSONAL NAME
- Personal name: Zawinul Josef
- Miscellaneous information: Codice autore musica SPICS: 29324
- Relator term: Autore musica
- Name of part/section of a work: Rumpelstiliskin - Experience In E - Sticks
670 ## - SOURCE DATA FOUND
- Source citation: Work cat.: (IT-RoPau)99306: AA.VV. 794, Cannonball Adderley